000
00202nam a2200085Ia 4500
008
170620s9999 xx 000 0 und d
100
_a
Sharma- A.S
245
0
_a
Dictionary of Psychology
260
_b
New Delhi- A.P.H
260
_c
2011
999
_c
25746
_d
25746